ՀՀ Գիտությունների ազգային ակադեմիայի հիմնարար գիտական գրադարան  =   Fundamental Scientific Library of NAS RA

Внутренние болезни, уход за больными и медицинская техника : (Record no. 485393)

MARC details
000 -LEADER
fixed length control field 01174nam a2200265 a 4500
001 - CONTROL NUMBER
control field 001192208
003 - CONTROL NUMBER IDENTIFIER
control field AM-YeHGA
005 - DATE AND TIME OF LATEST TRANSACTION
control field 20250617162228.0
008 - FIXED-LENGTH DATA ELEMENTS--GENERAL INFORMATION
fixed length control field 161124s1945 ru a||||r|||||001|0|rus|d
040 ## - CATALOGING SOURCE
Original cataloging agency AM-YeHGA
041 0# - LANGUAGE CODE
Language code of text/sound track or separate title rus
090 ## - LOCALLY ASSIGNED LC-TYPE CALL NUMBER (OCLC); LOCAL CALL NUMBER (RLIN)
-- 488762
100 1# - MAIN ENTRY--PERSONAL NAME
Personal name Кристман, Владимир Иванович
245 10 - TITLE STATEMENT
Title Внутренние болезни, уход за больными и медицинская техника :
Remainder of title [Учебник для школ медицинских сестер] /
Statement of responsibility, etc. В.И. Кристман.
246 14 - VARYING FORM OF TITLE
Title proper/short title Внутренние болезни
250 ## - EDITION STATEMENT
Edition statement 2-е изд.
260 ## - PUBLICATION, DISTRIBUTION, ETC.
Place of publication, distribution, etc. [Свердловск] :
Name of publisher, distributor, etc. Медгиз. Свердловское отделение,
Date of publication, distribution, etc. 1945.
300 ## - PHYSICAL DESCRIPTION
Extent 430, [2] с. :
Other physical details ил. ;
Dimensions 21 см.
504 ## - BIBLIOGRAPHY, ETC. NOTE
Bibliography, etc. note Библиогр. в примеч.
650 14 - SUBJECT ADDED ENTRY--TOPICAL TERM
Topical term or geographic name entry element Медицина
650 14 - SUBJECT ADDED ENTRY--TOPICAL TERM
Topical term or geographic name entry element Патология и частная терапия
650 14 - SUBJECT ADDED ENTRY--TOPICAL TERM
Topical term or geographic name entry element Клиническая медицина
650 14 - SUBJECT ADDED ENTRY--TOPICAL TERM
Topical term or geographic name entry element Уход за больными, управление и организация
653 0# - INDEX TERM--UNCONTROLLED
Uncontrolled term Внутренние болезни - Учебники и пособия
Holdings
Withdrawn status Lost status Source of classification or shelving scheme Damaged status Not for loan Collection Home library Current library Date acquired Total checkouts Full call number Barcode Date last seen Price effective from Koha item type Public note
    Universal Decimal Classification     General Fundamental Scientific Library Fundamental Scientific Library 01/02/2019   РД II/36311 FL0547132 01/02/2019 01/02/2019 Գրքեր / Books 30 Days Loan


ՀՀ ԳԱԱ հիմնարար գիտական գրադարան
ՀՀ,Երևան 0019
Մարշալ Բաղրամյան 24/6
հեռախոս:(374-10) 52-47-50
Հետադարձ կապ

All site content, except where otherwise noted, is licensed under a
Creative Commons License